| 000 | 00529nam a22001577u 4500 | ||
|---|---|---|---|
| 008 | 130405s2000 xxu||||| |||| 00| 0 spa d | ||
| 020 | _a8489651841 | ||
| 041 | _aspa | ||
| 100 | 1 |
_aNguyen Van Thuan, Françoise Xavier _927908 |
|
| 245 | 0 | 0 |
_aTestigos de esperanza _b:Ejercicios espirituales dados en presencia de S. S. Juan Pablo II _cFrançoise Xavier Nguyen Van Thuan |
| 260 |
_aMadrid: _bCiudad Nueva, _c2000 |
||
| 300 |
_a249 p. _c;20 cm. |
||
| 650 | 0 | 4 |
_aPastoral _xEjercicios espirituales _914505 |
| 942 | _cBK | ||
| 001 | 73484 | ||
| 999 |
_c254833 _d254833 |
||